<?xml version="1.0" encoding="UTF-8"?>
<record
    xmlns:xsi="http://www.w3.org/2001/XMLSchema-instance"
    xsi:schemaLocation="http://www.loc.gov/MARC21/slim http://www.loc.gov/standards/marcxml/schema/MARC21slim.xsd"
    xmlns="http://www.loc.gov/MARC21/slim">

  <leader>01125nam a2200229 a 4500</leader>
  <controlfield tag="001">BRCA_2179</controlfield>
  <controlfield tag="005">20190320203713.0</controlfield>
  <controlfield tag="008">891130s1988####ja-a######---f000-0#jpn-#</controlfield>
  <datafield tag="041" ind1=" " ind2=" ">
    <subfield code="a">jpnspa</subfield>
  </datafield>
  <datafield tag="044" ind1=" " ind2=" ">
    <subfield code="a">ja</subfield>
  </datafield>
  <datafield tag="050" ind1=" " ind2="4">
    <subfield code="a">HE859</subfield>
    <subfield code="b">.A54 1988</subfield>
  </datafield>
  <datafield tag="245" ind1="1" ind2="0">
    <subfield code="a">Akapuruko no k&#xAF;oekisen Gareon ten</subfield>
    <subfield code="b">Nichi-Boku Sh&#xAF;uk&#xAF;o Ts&#xAF;ush&#xAF;o J&#xAF;oyaku teiketsu hyakush&#xAF;unen kinen = El Galeon de Acapulco</subfield>
    <subfield code="c">[hensh&#xAF;u Ch&#xAF;unichi Mekishiko Gassh&#xAF;ukoku Taishikan ; hensh&#xAF;u ky&#xAF;oryoku MOA Bijutsukan, Sendai-shi Hakubutsukan].</subfield>
  </datafield>
  <datafield tag="260" ind1=" " ind2=" ">
    <subfield code="a">[Tokyo]</subfield>
    <subfield code="b">Ch&#xAF;unichi Mekishiko Gassh&#xAF;ukoku Taishikan</subfield>
    <subfield code="c">1988</subfield>
  </datafield>
  <datafield tag="300" ind1=" " ind2=" ">
    <subfield code="a">1 v. (sin paginaci&#xF3;n)</subfield>
    <subfield code="b">il. (algunas a color)</subfield>
    <subfield code="c">24 cm.</subfield>
  </datafield>
  <datafield tag="500" ind1=" " ind2=" ">
    <subfield code="a">Cat&#xE1;logo de la exposici&#xF3;n llevada a cabo en MOA Bijutsukan, 10-25 julio, 1988 y en Sendai-Shi Hakubutsukan, 13 agosto - 4  septiembre, 1988</subfield>
  </datafield>
  <datafield tag="500" ind1=" " ind2=" ">
    <subfield code="a">Incluye piezas de la colecci&#xF3;n Franz Mayer: p. [12, 16, 18-23]</subfield>
  </datafield>
  <datafield tag="546" ind1=" " ind2=" ">
    <subfield code="a">Texto en : japon&#xE9;s, descripci&#xF3;n de l&#xE1;minas en espa&#xF1;ol</subfield>
  </datafield>
  <datafield tag="650" ind1="1" ind2="4">
    <subfield code="a">Arte mexicano</subfield>
    <subfield code="v">Exposiciones</subfield>
    <subfield code="9">6578</subfield>
  </datafield>
  <datafield tag="650" ind1="1" ind2="4">
    <subfield code="a">Arte colonial</subfield>
    <subfield code="v">Exposiciones</subfield>
    <subfield code="z">M&#xE9;xico</subfield>
    <subfield code="9">3637</subfield>
  </datafield>
  <datafield tag="740" ind1="0" ind2=" ">
    <subfield code="a">El Gale&#xF3;n de Acapulco</subfield>
  </datafield>
  <datafield tag="942" ind1=" " ind2=" ">
    <subfield code="2">lcc</subfield>
    <subfield code="c">B</subfield>
  </datafield>
  <datafield tag="999" ind1=" " ind2=" ">
    <subfield code="c">1935</subfield>
    <subfield code="d">1935</subfield>
  </datafield>
  <datafield tag="952" ind1=" " ind2=" ">
    <subfield code="0">0</subfield>
    <subfield code="1">0</subfield>
    <subfield code="4">0</subfield>
    <subfield code="7">0</subfield>
    <subfield code="a">BRCA</subfield>
    <subfield code="b">BRCA</subfield>
    <subfield code="d">2008-08-14</subfield>
    <subfield code="l">0</subfield>
    <subfield code="o">HE859 .A54 1988</subfield>
    <subfield code="p">01233</subfield>
    <subfield code="r">2019-03-22 00:00:00</subfield>
    <subfield code="w">2019-03-22</subfield>
    <subfield code="y">B</subfield>
  </datafield>
</record>
